| 000 | 00584nam a2200193Ia 4500 | ||
|---|---|---|---|
| 005 | 20250606124359.0 | ||
| 008 | 008 250516s9999 xx 000 0 eng d | ||
| 020 | _a9781032291772 | ||
| 040 |
_beng _cSDCL |
||
| 041 |
_aeng _2eng |
||
| 084 | _aX9:77.2'P R4 | ||
| 100 |
_aTandon, Anjali _9540121 |
||
| 245 | 0 |
_aLabour and capital use in Indian manufacturing : _bStructural aspects |
|
| 260 |
_aLondon : _bRoutledge, _c2024. |
||
| 300 | _axvii, 177p. | ||
| 490 | _aSustainable industrial development | ||
| 650 |
_aBusiness Economics and Finance _9812045 |
||
| 942 |
_cTEXL _2CC |
||
| 999 |
_c1429782 _d1429782 |
||